000
00270nam a2200109Ia 4500
008
200302s9999 xx 000 0 und d
100
_a
Frank Anton
245
_a
In Praise Of Pragmatism Fisher-Firedman Associates
260
_b
Gordon Goff
260
_c
2010
300
_a
215
999
_c
4720
_d
4720